| 000 -LEADER |
| fixed length control field |
00814nam a22002657a 4500 |
| 001 - CONTROL NUMBER |
| control field |
12546 |
| 003 - CONTROL NUMBER IDENTIFIER |
| control field |
BD-DhUAP |
| 005 - DATE AND TIME OF LATEST TRANSACTION |
| control field |
20200121151539.0 |
| 008 - FIXED-LENGTH DATA ELEMENTS--GENERAL INFORMATION |
| fixed length control field |
200121t20072005iiip 000 0 eng |
| 020 ## - INTERNATIONAL STANDARD BOOK NUMBER |
| International Standard Book Number |
9788120328020 |
| 040 ## - CATALOGING SOURCE |
| Original cataloging agency |
BD-DhUAP |
| Transcribing agency |
BD-DhUAP |
| Modifying agency |
BD-DhUAP |
| Language of cataloging |
Eng |
| 082 00 - DEWEY DECIMAL CLASSIFICATION NUMBER |
| Edition number |
23 |
| Classification number |
006.76 DEI |
| 100 1# - MAIN ENTRY--PERSONAL NAME |
| Personal name |
Deitel, H. M. |
| 245 10 - TITLE STATEMENT |
| Title |
Internet & World Wide Web : |
| Remainder of title |
how to program / |
| Statement of responsibility, etc. |
H. M. Deitel, P. J. Deitel and T. R. Nieto. |
| 250 ## - EDITION STATEMENT |
| Edition statement |
3rd ed. |
| 260 ## - PUBLICATION, DISTRIBUTION, ETC. |
| Place of publication, distribution, etc. |
New Delhi : |
| Name of publisher, distributor, etc. |
Prentice hall, |
| Date of publication, distribution, etc. |
c2005 [Reprinted 2007]. |
| 300 ## - PHYSICAL DESCRIPTION |
| Extent |
liv, 1535 pages : |
| Other physical details |
illustrations ; |
| Dimensions |
24 cm. |
| 504 ## - BIBLIOGRAPHY, ETC. NOTE |
| Bibliography, etc. note |
Includes index and bibliographical references. |
| 650 #0 - SUBJECT ADDED ENTRY--TOPICAL TERM |
| Topical term or geographic name entry element |
Internet programming. |
| 650 #0 - SUBJECT ADDED ENTRY--TOPICAL TERM |
| Topical term or geographic name entry element |
World Wide Web. |
| 700 ## - ADDED ENTRY--PERSONAL NAME |
| Personal name |
Deitel, P. J. |
| 700 ## - ADDED ENTRY--PERSONAL NAME |
| Personal name |
Nieto, T. R. |
| 942 00 - ADDED ENTRY ELEMENTS (KOHA) |
| Source of classification or shelving scheme |
|
| Koha item type |
Book |